header

Intelligence in the American Civil War (Record no. 70954)

MARC details
000 -LEADER
fixed length control field 01719nam a2200385Ia 4500
082 04 - DEWEY DECIMAL CLASSIFICATION NUMBER
Classification number 973.7/8
100 1# - MAIN ENTRY--AUTHOR NAME
Personal name Allen, Thomas,
245 10 - TITLE STATEMENT
Title Intelligence in the American Civil War
260 ## - PUBLICATION, DISTRIBUTION, ETC. (IMPRINT)
Place of publication New York :
Name of publisher Nova Science Publishers,
Year of publication c2010.
300 ## - PHYSICAL DESCRIPTION
Number of Pages viii, 85 p. :
Other physical details ill., maps.
490 0# - SERIES STATEMENT
Series statement Intelligence and counterintelligence studies series
650 #0 - SUBJECT ADDED ENTRY--TOPICAL TERM
Topical Term Intelligence service
Topical Term Intelligence service
Topical Term Military intelligence
Topical Term Military intelligence
856 40 - ELECTRONIC LOCATION AND ACCESS
Uniform Resource Identifier http://site.ebrary.com/lib/rucke/Doc?id=10662813

No items available.

© 2026 Rongo University
Contact us: librarian | system librarian | Rongo university